| 000 | 00352nam a22001337a 4500 | ||
|---|---|---|---|
| 003 | OSt | ||
| 005 | 20160527123135.0 | ||
| 008 | 160527b xxu||||| |||| 00| 0 eng d | ||
| 040 | _cRongo University College | ||
| 050 | _aGV 1469.16 .S63 P74 2006 | ||
| 082 | _aGV 1469.16 .S63 P74 2006 | ||
| 245 | _aDon`t Bother Me Mom -I`m Learning | ||
| 942 |
_2lcc _cBK |
||
| 999 |
_c254199 _d254198 |
||